000 00582nam a2200193 i 4500
001 58059
003 ES-MaACL
005 20230906163722.0
007 t|
008 031020s1972 sp ||||1| spa d
100 1 _aDuplessis, Ivonne.
_946096
245 1 3 _aEl surrealismo /
_cpor Ivonne Duplessis ; [traducción de Alexandre Ferrer].
250 _a[1ª ed.].
260 _aVilassar de Mar, Barcelona :
_bOikos-Tau,
_c[1972]
300 _a124 p. ;
_c18 cm.
650 4 _aSurrealismo (Arte)
_917267
700 1 _aFerrer, Alexandre.
_950405
852 _aES-MaACL
_jC-42890
_bR.81851
999 _c58059
_d58059